000 00583nam a2200205 4500
003 OSt
005 20240621074143.0
006 a
008 240621b |||||||| |||| 00| 0 eng d
020 _a9710870858
040 _aDWCL-Main lib.
_cOC
082 _aFil. 100 Z94i 2010
100 _aZulueta, Francisco
245 _aIntroduction to philosophy /
260 _aMandaluyong City ;
_bNational Book Store,
_cc2010.
300 _axii,
_b242 p. : ill. ;
_c22 cm.
504 _aIncludes bibliographical references.
650 _a1. Philosophy.
942 _2ddc
_n0
_cBK - FIL
_kFil.
999 _c1091
_d1091